<?xml version="1.0" encoding="UTF-8"?>
<collection xmlns="http://www.loc.gov/MARC21/slim">
 <record>
  <leader>00391pamaa2200133   4500</leader>
  <controlfield tag="001">0000016235</controlfield>
  <controlfield tag="005">20141208090000.0</controlfield>
  <datafield tag="020" ind1="0" ind2="0">
   <subfield code="a">0835914070 </subfield>
  </datafield>
  <datafield tag="090" ind1="0" ind2="0">
   <subfield code="a">PR2827 </subfield>
   <subfield code="b">SHA 1996</subfield>
  </datafield>
  <datafield tag="100" ind1="1" ind2="0">
   <subfield code="a">Shakespeare, </subfield>
   <subfield code="d">1564-1616 </subfield>
  </datafield>
  <datafield tag="245" ind1="1" ind2="2">
   <subfield code="a">A midsummer night's dream  </subfield>
   <subfield code="c">William Shakespeare ; adapted by Mark Falstein.</subfield>
  </datafield>
  <datafield tag="260" ind1="0" ind2="0">
   <subfield code="a">New Jersey: </subfield>
   <subfield code="b">Globe Fearon, </subfield>
   <subfield code="c">1996.</subfield>
  </datafield>
  <datafield tag="300" ind1=" " ind2=" ">
   <subfield code="a">76p.: </subfield>
   <subfield code="b">20cm.</subfield>
  </datafield>
  <datafield tag="700" ind1="1" ind2="1">
   <subfield code="a">FALSTEIN, </subfield>
   <subfield code="h">Mark </subfield>
  </datafield>
 </record>
</collection>
